Identify the Bond Film from the Picture #008 Bond Girls - Statistics

General Stats
  • This quiz has been taken 48 times
  • The average score is 12 of 16
Answer Stats
Picture Answer % Correct
Dr. No
95%
Moonraker
89%
Casino Royale
86%
Die Another Day
84%
Tomorrow Never Dies
81%
Quantum of Solace
78%
Live and Let Die
76%
You Only Live Twice
76%
Goldfinger
70%
No Time To Die
70%
On Her Majesty’s Secret Service
68%
The Man With The Golden Gun
68%
The World Is Not Enough
68%
The Living Daylights
59%
Licence To Kill
51%
A View To A Kill
49%
No matching quizzes found
Score Distribution
Percent of People with Each Score
Percentile by Number Answered
Your Score History
You have not taken this quiz